[Event "5th Nana Aleksandria Cup"]
[Site "Poti GEO"]
[Date "2010.07.11"]
[Round "1"]
[White "Kumsiashvili,N"]
[Black "Hussein,AH"]
[Result "0-1"]
[WhiteElo "1969"]
[BlackElo "2373"]

1.d4 Nf6 2.c4 e6 3.Nf3 Bb4+ 4.Nbd2 O-O 5.e3 Re8 6.Bd3 Nc6 7.a3 Bf8 8.b3 d6
9.Qc2 e5 10.d5 Ne7 11.Bb2 c6 12.dxc6 Nxc6 13.O-O h6 14.b4 b6 15.Ne4 Bb7 16.Nxf6+ Qxf6
17.Be4 a5 18.Bc3 Rec8 19.Rfd1 Nd8 20.Bd5 Bxd5 21.cxd5 axb4 22.axb4 Rxa1 23.Rxa1 Qe7
24.e4 Qc7 25.Rc1 Be7 26.Qb2 b5 27.Bd2 Qd7 28.Rxc8 Qxc8 29.Qc1 Qb7 30.g4 Qd7
31.h3 h5 32.Nh2 g6 33.Qd1 hxg4 34.Nxg4 Kh7 35.Qf3 f5 36.exf5 Qxf5 37.Qxf5 gxf5
38.Ne3 Bg5 39.Nf1 Nf7 40.Be3 Kg6 41.Nd2 e4 42.Nb1 f4 43.Bb6 Kf5 44.Nc3 Ke5
45.Nxb5 Kxd5 46.Nc3+ Kc6 47.Bd4 d5 48.b5+ Kd6 49.b6 Nd8 50.f3 e3 51.Ne2 Kc6
52.h4 Bh6 53.Be5 Kxb6 54.Bxf4 Nf7 55.Bxh6 Nxh6 56.Kf1 Kc5 57.Nf4 Kc4 58.Ke2 d4
59.Nd3 Nf5 60.Ne5+ Kc3 61.h5 Ng3+ 62.Kd1 Nxh5 63.Ng4 Nf4  0-1

[Event "Int ch-SVK OpenA"]
[Site "Banska Stiavnica SVK"]
[Date "2010.07.12"]
[Round "3"]
[White "Gorbatenko,K"]
[Black "Pecha,T"]
[Result "1/2-1/2"]
[WhiteElo "2064"]
[BlackElo "2187"]

1.d4 Nf6 2.c4 e6 3.Nf3 Bb4+ 4.Nbd2 b6 5.a3 Bxd2+ 6.Qxd2 Bb7 7.e3 O-O 8.Be2 d6
9.b4 Nbd7 10.Bb2 Qe7 11.O-O Rad8 12.Rfd1 Ne4 13.Qc2 f5 14.d5 e5 15.a4 Ndf6
16.Nd2 Nxd2 17.Qxd2 c6 18.Bf3 cxd5 19.Bxd5+ Bxd5 20.cxd5 Rc8 21.Qd3 Qd7 22.f4 e4
23.Qb3 Kh8 24.Rac1 Rxc1 25.Rxc1 Rc8 26.Rc6 Rxc6 27.dxc6 Qxc6 28.Bxf6 gxf6
29.Qf7 Qc1+ 30.Kf2 Qd2+ 31.Kf1 Qd3+ 32.Kf2 Qd2+ 33.Kf1 Qd3+  1/2-1/2

[Event "ZDMI Open"]
[Site "Dresden GER"]
[Date "2010.07.13"]
[Round "4"]
[White "Nepveu,M"]
[Black "Liebscher,H"]
[Result "1/2-1/2"]
[WhiteElo "1997"]
[BlackElo "2102"]

1.d4 Nf6 2.Nf3 e6 3.c4 Bb4+ 4.Nbd2 b6 5.e3 Bb7 6.Bd3 O-O 7.a3 Bxd2+ 8.Bxd2 d5
9.O-O Nbd7 10.b4 Ne4 11.Qe2 f5 12.cxd5 exd5 13.Bc1 c5 14.bxc5 bxc5 15.dxc5 Ndxc5
16.Nd4 Qa5 17.Bxe4 Nxe4 18.Qe1 Qa4 19.Qb4 Qd7 20.Rd1 a5 21.Qb5 Qf7 22.Bd2 f4
23.exf4 Ba6 24.Qb6 Bc8 25.Be3 Ra6 26.Qb3 Rf6 27.Nf3 Be6 28.Nd4 Bd7 29.Rac1 h6
30.Nf3 Be6 31.Nd4 Bd7 32.Rc7 a4 33.Qb7 Rd8 34.Qa7 g5 35.f5 Nd6 36.Nc6 Qh5
37.Qxa4 Nb5 38.Nxd8 Nxc7 39.Qd4 Rf8 40.Nb7 Bxf5 41.Rc1 Qe2 42.h3 Ne6 43.Qxd5 g4
44.hxg4 Qxg4 45.Bxh6 Be4 46.f3 Bxf3 47.Qd2 Rf6 48.Rc8+ Kh7 49.Qd7+ Kxh6 50.Rh8+ Kg5
51.Rg8+ Rg6 52.Qe7+ Kf4 53.Qf7+ Ke5 54.Rxg6 Qd4+ 55.Kh2 Qh4+ 56.Kg1 Qd4+
57.Kh2  1/2-1/2

[Event "2nd Artemis Cup"]
[Site "Leros GRE"]
[Date "2010.07.13"]
[Round "1"]
[White "Jeremic,V"]
[Black "Akkanen,T"]
[Result "1-0"]
[WhiteElo "2509"]
[BlackElo "1866"]

1.d4 Nf6 2.c4 e6 3.Nf3 Bb4+ 4.Nbd2 b6 5.a3 Bxd2+ 6.Qxd2 Bb7 7.b4 O-O 8.Bb2 d6
9.e3 Nbd7 10.Be2 Qe7 11.O-O Ne4 12.Qc2 f5 13.Rad1 c5 14.dxc5 bxc5 15.Ne1 cxb4
16.axb4 a5 17.f3 Nef6 18.bxa5 Rac8 19.Qd2 Rc6 20.Nc2 d5 21.Ba3 Nc5 22.Nb4 Rcc8
23.Nd3 dxc4 24.Nxc5 Rxc5 25.Bxc4 Qc7 26.Bxe6+ Kh8 27.Qd4  1-0

[Event "2nd Open"]
[Site "Rethymno GRE"]
[Date "2010.07.13"]
[Round "1"]
[White "Iordachescu,V"]
[Black "Arnold,Max"]
[Result "1-0"]
[WhiteElo "2623"]
[BlackElo "1951"]

1.d4 Nf6 2.Nf3 e6 3.c4 Bb4+ 4.Nbd2 b6 5.a3 Bxd2+ 6.Bxd2 h6 7.h3 Bb7 8.Bf4 d6
9.e3 Nbd7 10.Be2 O-O 11.O-O Qe7 12.b4 Ne4 13.Rc1 c5 14.Nd2 e5 15.Bh2 Nxd2
16.Qxd2 Rad8 17.bxc5 dxc5 18.d5 Nf6 19.Qb2 Rfe8 20.a4 Ne4 21.a5 Rb8 22.Ra1 Bc8
23.Ra3 Nd6 24.axb6 axb6 25.Rb3 Ba6 26.Rc1 Nc8 27.Ra1 Bb7 28.f4 e4 29.f5 Ra8
30.Rxa8 Bxa8 31.f6 gxf6 32.Bg4 Nd6 33.Bxd6 Qxd6 34.Rxb6 Qg3 35.Qf2 Qxf2+
36.Kxf2 Kg7 37.Bf5 Bxd5 38.cxd5 Re5 39.g4 Rxd5 40.Bxe4 Rd2+ 41.Kg3 c4 42.Rc6  1-0

[Event "5th Nana Aleksandria Cup"]
[Site "Poti GEO"]
[Date "2010.07.15"]
[Round "5"]
[White "Kumsiashvili,N"]
[Black "Ammar,A"]
[Result "1-0"]
[WhiteElo "1969"]
[BlackElo "2181"]

1.d4 Nf6 2.c4 e6 3.Nf3 Bb4+ 4.Nbd2 d5 5.Qa4+ Nc6 6.a3 Be7 7.e3 O-O 8.Bd3 a5
9.O-O Bd7 10.Qc2 a4 11.Ne5 Be8 12.f4 Na5 13.c5 c6 14.Qxa4 b6 15.Qc2 bxc5
16.dxc5 g6 17.b4 Nb7 18.Bb2 Nh5 19.Nb3 f6 20.Nf3 Qc7 21.a4 Rb8 22.g4 Ng7
23.Qc3 Rf7 24.Kh1 Nd8 25.Qd2 Rf8 26.g5 Qb7 27.Bc3 fxg5 28.fxg5 Nf7 29.h4 Nh5
30.Qh2 Bd8 31.Ne5 Bc7 32.Qf2 Qc8 33.Nxg6 hxg6 34.Bxg6 Ng3+ 35.Kg2 Nf5 36.Bxf5 exf5
37.Nd4 Bd7 38.Nxf5 Bxf5 39.Qxf5 Qxf5 40.Rxf5 Rfe8 41.Rf6 Be5 42.Bxe5 Nxe5
43.Rb1 Rec8 44.h5 Nd7 45.Rg6+ Kf7 46.Rf1+ Ke7 47.Rg7+ Ke6 48.Rff7 Rc7 49.Re7+ Kf5
50.Rxd7 Rcc8 51.Rdf7+ Ke4 52.Rb7 Ra8 53.Ra7 Rab8 54.Rgb7 Kf5 55.g6 Kg5 56.Rxb8 Rxb8
57.g7 Kxh5 58.b5 Kh6 59.b6 Kh7  1-0

[Event "15th Open"]
[Site "Balaguer ESP"]
[Date "2010.07.19"]
[Round "1"]
[White "Ramon Solans,A"]
[Black "Maletin,P"]
[Result "0-1"]
[WhiteElo "2196"]
[BlackElo "2617"]

1.d4 Nf6 2.Nf3 e6 3.c4 Bb4+ 4.Nbd2 O-O 5.a3 Be7 6.e4 d5 7.Bd3 c5 8.dxc5 dxe4
9.Nxe4 Nxe4 10.Bxe4 Qxd1+ 11.Kxd1 Bxc5 12.b4 Be7 13.Bb2 a5 14.c5 Nd7 15.c6 bxc6
16.Bxc6 Rb8 17.b5 a4 18.Ke2 f6 19.Bd4 Nb6 20.Rhc1 e5 21.Bxb6 Rxb6 22.Nd2 Be6
23.Ne4 Rd8 24.Nc5 Bxc5 25.Rxc5 Bb3 26.Rb1 Kf7 27.Rc3 Ke7 28.Rcxb3 axb3 29.a4 Kd6
30.Rxb3 Kc5 31.a5 Rbb8 32.a6 Kb6 33.Ra3 Ka7 34.Rg3 g6 35.Rh3 h5 36.Rc3 Rbc8
37.Rb3 Kb6 38.Ra3 Rc7 39.Rg3 g5 40.Rf3 Rd6 41.Ra3 Rd4 42.Rd3 Rxd3 43.Kxd3 f5
44.f3 Re7 45.Ke3 g4 46.Bb7 Rc7 47.Bc6 Rg7 48.Bb7 h4 49.fxg4 Rxg4 50.Kf3 Ra4
51.Bc6 Ra3+ 52.Kf2 e4 53.h3 Ra2+ 54.Kf1 e3 55.Bd7 f4 56.Be8 Rf2+ 57.Kg1 f3  0-1

[Event "3rd Open"]
[Site "Paleochora GRE"]
[Date "2010.07.22"]
[Round "1"]
[White "Rychagov,A"]
[Black "Papakonstantinou,D"]
[Result "1-0"]
[WhiteElo "2538"]
[BlackElo "1675"]

1.d4 Nf6 2.c4 e6 3.Nf3 Bb4+ 4.Nbd2 b6 5.g3 O-O 6.Bg2 Bb7 7.O-O Bxd2 8.Bxd2 d6
9.Rc1 Nbd7 10.b4 Qe7 11.Qc2 e5 12.c5 Be4 13.Qa4 bxc5 14.bxc5 dxc5 15.dxe5 Nxe5
16.Be3 Ned7 17.Qa5 Rfc8 18.Bh3 Rcb8 19.Qxc7 Rb7 20.Bxc5 Nxc5 21.Qxe7 Rxe7
22.Rxc5 Bxf3 23.exf3 Re2 24.Ra5 h6 25.Rd1 Rb8 26.Rxa7 Rbb2 27.Rd8+ Kh7 28.Bf5+  1-0

[Event "3rd Open"]
[Site "Paleochora GRE"]
[Date "2010.07.23"]
[Round "3"]
[White "Vuilleumier,A"]
[Black "Koutoukidis,P"]
[Result "1-0"]
[WhiteElo "2361"]
[BlackElo "1920"]

1.d4 Nf6 2.c4 e6 3.Nf3 Bb4+ 4.Nbd2 c5 5.a3 Bxd2+ 6.Qxd2 cxd4 7.Nxd4 O-O 8.g3 d5
9.cxd5 Qxd5 10.Nf3 Qxd2+ 11.Bxd2 b6 12.Rc1 Bb7 13.Bg2 Nbd7 14.O-O Rac8 15.Nd4 Bxg2
16.Kxg2 Nc5 17.f3 Rfd8 18.Be3 Nd5 19.Bf2 Ne7 20.Rfd1 a6 21.g4 h6 22.h4 h5
23.b4 Na4 24.gxh5 Rxc1 25.Rxc1 e5 26.Nc6 Nxc6 27.Rxc6 b5 28.Be3 Ra8 29.h6 gxh6
30.Bxh6 Nb2 31.Bg5 Nc4 32.a4 e4 33.fxe4 Re8 34.Rxa6 Rxe4 35.axb5 Rxe2+ 36.Kf3 Rb2
37.Bf6 Rb1 38.Ke2 Kh7 39.h5 Kh6 40.Kd3  1-0

[Event "3rd Open"]
[Site "Paleochora GRE"]
[Date "2010.07.26"]
[Round "6"]
[White "Bensdorp,M"]
[Black "Asimakopoulos,K"]
[Result "1/2-1/2"]
[WhiteElo "2301"]
[BlackElo "1903"]

1.d4 Nf6 2.c4 e6 3.Nf3 Bb4+ 4.Nbd2 O-O 5.g3 d5 6.Bg2 Nc6 7.O-O Bxd2 8.Bxd2 Ne7
9.Rc1 c6 10.b4 Ne4 11.c5 Ng6 12.a4 Re8 13.Ne5 Nxd2 14.Qxd2 Nxe5 15.dxe5 f6
16.f4 Bd7 17.exf6 Qxf6 18.e4 Re7 19.Rfe1 Rae8 20.Re3 a6 21.Rce1 Bc8 22.Kh1 g6
23.Bh3 Bd7 24.Kg1 Kf7 25.exd5 cxd5 26.Ra3 Bc6 27.Re5 Rg8 28.Bf1 g5 29.Rxg5 Rxg5
30.fxg5 Qg7 31.b5 axb5 32.axb5 Be8 33.Qf4+ Kg8 34.Qf6 Qxf6 35.gxf6 Rc7 36.Ra8 Kf7
37.c6 Bxc6 38.bxc6 bxc6 39.Kf2 Kxf6 40.Ke3 Ke5 41.Bh3 c5 42.Ra6 Re7 43.Rc6 c4
44.Bg4 Re8 45.Kd2 Kd4 46.Bxe6 Ra8 47.Bf5 h5 48.Bc2 Rf8 49.Re6 Rf2+ 50.Re2 Rf1
51.Bg6 h4 52.gxh4 Ra1 53.h5 c3+ 54.Kc2 Ra2+ 55.Kd1 Ra1+ 56.Kc2 Ra2+  1/2-1/2

[Event "19th Open"]
[Site "Kavala GRE"]
[Date "2010.07.31"]
[Round "2"]
[White "Melkumyan,H"]
[Black "Paichadze,L"]
[Result "1/2-1/2"]
[WhiteElo "2606"]
[BlackElo "2467"]

1.d4 Nf6 2.c4 e6 3.Nf3 Bb4+ 4.Nbd2 O-O 5.a3 Bxd2+ 6.Qxd2 b6 7.e3 Bb7 8.Be2 d6
9.O-O Ne4 10.Qc2 f5 11.Ne1 c5 12.f3 Nf6 13.b4 Nbd7 14.Nd3 Rc8 15.Bb2 Qe7
16.dxc5 dxc5 17.b5 e5 18.Nf2 Nh5 19.Rad1 f4 20.Qc3 Rce8 21.Rfe1 Rf6 22.Bd3 Rd6
23.Bf1 Rxd1 24.Rxd1 Ndf6 25.Re1 Qf7 26.exf4 exf4 27.Rxe8+ Qxe8 28.Qd2 Bc8
29.Qd6 Bf5 30.Be5 Nd7 31.Bxf4 Nxf4 32.Qxf4 Qe5 33.Qg5 h6 34.Qd8+ Kf7 35.Qa8 Qb8
36.Qd5+ Be6 37.Qh5+ Kf8 38.Qg6 Qe5 39.f4 Qf6 40.Qe4 Ke7 41.g3 Qd4 42.Kg2 Qxe4+
43.Nxe4 Nf6 44.Nxf6 gxf6 45.Be2 h5 46.Kf3 f5 47.h3 Kf6 48.Ke3 Kg6 49.a4 Bc8
50.a5 Be6 51.a6 Bc8 52.Bf3 Be6 53.Kd3 Bd7 54.Ke3 Be6 55.Be2 Bd7 56.Bd3 Kf6
57.Be2 Kg6 58.Bf3 Be6 59.Bd5 Bc8 60.Bc6 h4 61.Be8+ Kf6 62.gxh4 Kg7  1/2-1/2

[Event "ch-AUT"]
[Site "Vienna AUT"]
[Date "2010.08.01"]
[Round "9"]
[White "Danner,G"]
[Black "Duer,W"]
[Result "1/2-1/2"]
[WhiteElo "2418"]
[BlackElo "2262"]

1.d4 Nf6 2.Nf3 e6 3.c4 Bb4+ 4.Nbd2 d5 5.e3 O-O 6.b3 b6 7.Bd3 Bb7 8.O-O c5
9.Bb2 cxd4 10.exd4 Nc6 11.Qe2 Re8 12.Rad1 Bf8 13.Qe3 Qc7 14.Ne5 dxc4 15.bxc4 Nxe5
16.dxe5 Nd7 17.Ne4 Bxe4 18.Qxe4 g6 19.Be2 Nc5 20.Qf4 Rad8 21.Bd4 Qc6 22.h4 Qe4
23.Qxe4 Nxe4 24.Bf3 Bc5 25.Bxc5 Nxc5 26.Bc6 Rxd1 27.Rxd1 Rc8 28.Rd6 Kf8 29.f4 Ke7
30.Kf2 f6 31.Ke3 fxe5 32.fxe5 Rf8 33.g4 h5 34.Rd4 Rf1 35.gxh5 gxh5 36.Bf3 Nd7
37.Bxh5 Nxe5 38.Be2 Ra1 39.Rd2 Rh1 40.h5 Nd7 41.Rd1 Rh4 42.Rg1 Ne5 43.Rg7+ Kf6
44.Rxa7 Nxc4+ 45.Bxc4 Rxc4 46.h6 Rh4 47.h7 Kg6 48.Re7 Rxh7 49.Rxe6+ Kf5 50.Rxb6 Ra7
51.Rb2 Ke5 52.Rd2 Rh7  1/2-1/2

[Event "19th Open"]
[Site "Kavala GRE"]
[Date "2010.08.04"]
[Round "6"]
[White "Sargissian,G"]
[Black "Zubarev,Al1"]
[Result "1/2-1/2"]
[WhiteElo "2673"]
[BlackElo "2562"]

1.d4 Nf6 2.c4 e6 3.Nf3 Bb4+ 4.Nbd2 O-O 5.a3 Be7 6.b4 d5 7.e3 b6 8.Bb2 Nbd7
9.c5 c6 10.Bd3 a5 11.Qe2 axb4 12.axb4 Rxa1+ 13.Bxa1 bxc5 14.bxc5 Qa5 15.O-O Bb7
16.Nb3 Qa4 17.Nfd2 Ra8 18.Bc3 Qa7 19.Na5 Bd8 20.Ndb3 Qb8 21.Ra1 Qc7 22.Nxb7 Rxa1+
23.Nxa1 Qxb7 24.Qa2 Nb8 25.Nc2 Ne8 26.f3 g6 27.Nb4 Kf8 28.Qa4 Nc7 29.f4 f5
30.Be2 Ke8 31.Nd3 Nb5 32.Be1 Qa7 33.Qxa7 Nxa7 34.Bd1 Nd7 35.g4 Nf6 36.h3 Ne4
37.g5 Bc7 38.Be2 Kd7 39.Nc1 Nb5 40.Bxb5 cxb5 41.Kg2 Kc6 42.Nb3 Bd8 43.h4 Kb7
44.h5 gxh5 45.Nc1 Ka6 46.Kh3 Nxg5+ 47.fxg5 Bxg5 48.Bd2 b4 49.Bxb4 Bxe3 50.Nb3 Bg5
51.Nd2 Kb5 52.Nf3 Bd8 53.Be1 Bc7 54.Bf2 Kc4 55.Ne5+ Kc3 56.Kg3 Bd8 57.Kf3 h4
58.c6 Bc7 59.Kg2 Kb4 60.Bxh4 Kb5 61.Bg3 Bxe5 62.Bxe5 Kxc6 63.Kf3 Kb5 64.Kg3 Kc4
65.Kf3 h5 66.Bg7 h4 67.Bf6 Kc3 68.Be5 Kc4 69.Bf6 Kc3 70.Be5  1/2-1/2

[Event "85th ch-FRA"]
[Site "Belfort FRA"]
[Date "2010.08.09"]
[Round "1"]
[White "Fressinet,L"]
[Black "Charnushevich,A"]
[Result "1-0"]
[WhiteElo "2697"]
[BlackElo "2497"]

1.d4 Nf6 2.Nf3 e6 3.c4 Bb4+ 4.Nbd2 b6 5.a3 Bxd2+ 6.Qxd2 Bb7 7.e3 O-O 8.Be2 d6
9.b4 Nbd7 10.O-O Ne4 11.Qc2 a5 12.Bb2 Qe7 13.Nd2 Nxd2 14.Qxd2 axb4 15.axb4 Rxa1
16.Rxa1 Ra8 17.Rxa8+ Bxa8 18.Qc3 Bb7 19.c5 Bd5 20.c6 Nf8 21.b5 f6 22.Qd3 f5
23.f3 Ng6 24.g3 Qf7 25.e4 fxe4 26.fxe4 Ba2 27.Qc2 d5 28.Ba3 Bc4 29.Bxc4 dxc4
30.Qxc4 h5 31.Qf1 Qe8 32.Qh3 h4 33.Qg4 hxg3 34.hxg3 Nh8 35.Bc1 Nf7 36.Bf4 Qd8
37.Qxe6 Qxd4+ 38.Kg2 g5 39.Bxc7 Kf8 40.Qd5 Qb2+ 41.Kf3 g4+ 42.Ke3 Qc1+ 43.Qd2 Qc5+
44.Qd4 Qc1+ 45.Ke2 Qc2+ 46.Ke1 Qb1+ 47.Kd2 Qxb5 48.Qxb6 Qc4 49.Bf4 Qa2+ 50.Kc3 Qa1+
51.Kd2 Qa2+ 52.Ke1 Qa1+ 53.Ke2 Qa2+ 54.Bd2 Qc4+ 55.Ke3 Nd6 56.Qb8+  1-0

[Event "2nd DOCA FIDE"]
[Site "Branchburg USA"]
[Date "2010.08.14"]
[Round "2"]
[White "Ippolito,D"]
[Black "Ferrero,Steve"]
[Result "1-0"]
[WhiteElo "2458"]
[BlackElo "2153"]

1.d4 Nf6 2.c4 e6 3.Nf3 Bb4+ 4.Nbd2 Ne4 5.e3 b6 6.a3 Nxd2 7.Nxd2 Bxd2+ 8.Qxd2 Bb7
9.b4 d6 10.Bb2 O-O 11.f3 f5 12.Bd3 Nd7 13.O-O Qe7 14.Qc2 c5 15.dxc5 dxc5
16.b5 Nf6 17.a4 a5 18.Rad1 Rad8 19.Rd2 Rd7 20.Rfd1 Rfd8 21.Be5 Kf7 22.Qc3 g6
23.h3 h5 24.Bg3 Nh7 25.h4 Qf6 26.Qe5 Qxe5 27.Bxe5 Nf6 28.Kf1 Ba8 29.Ke1 Bb7
30.Be2 Rxd2 31.Rxd2 Rxd2 32.Kxd2 Nd7 33.Bc7 Kf6 34.Ke1 Kg7 35.Kf2 Kh6 36.Bd8 Ba8
37.Kg3 Bb7 38.Bc7 Ba8 39.Kf4 Bb7 40.Bd3 Ba8 41.g4 hxg4 42.fxg4 fxg4 43.Kxg4 Bb7
44.Kf4 Bg2 45.Be2 Bh3 46.e4 Bg2 47.Bg4 Nf6 48.Bxe6 Bxe4 49.Be5 Bc2 50.Bxf6 Bxa4
51.Bd8 Bc2 52.Bxb6 a4 53.Bxc5 Kh5 54.Bg4+  1-0

[Event "TCh-MKD"]
[Site "Struga MKD"]
[Date "2010.08.14"]
[Round "6"]
[White "Kutirov,R"]
[Black "Vladimirov,V MKD"]
[Result "1-0"]
[WhiteElo "2337"]
[BlackElo "2192"]

1.d4 Nf6 2.c4 e6 3.Nf3 Bb4+ 4.Nbd2 b6 5.g3 Bb7 6.Bg2 O-O 7.O-O d6 8.Nb1 c5
9.a3 Ba5 10.b3 Be4 11.Bb2 Nbd7 12.dxc5 dxc5 13.Nc3 Bxc3 14.Bxc3 Qc7 15.Ra2 Rad8
16.Qa1 Qb7 17.a4 Rfe8 18.Rd1 e5 19.Rad2 Rc8 20.Bh3 Bxf3 21.exf3 Rc7 22.Bg2 h6
23.Re1 Rcc8 24.Rde2 Qc7 25.h4 Rcd8 26.Bh3 Kf8 27.Re3 Qc6 28.R1e2 Re7 29.f4 e4
30.Rd2 Rde8 31.Qd1 Qc7 32.Rd6 Kg8 33.Bf5 h5 34.Rd2 Qc6 35.Qa1 g6 36.Bh3 Ng4
37.Bxg4 hxg4 38.Qd1 Qe6 39.Rd6 Qf5 40.Rd5 Qe6 41.Kg2 f5 42.Ba1 Kh7 43.Re2 Qf7
44.Rd6 Rg8 45.Red2 Nf8 46.Rf6 Qe8 47.Rd8  1-0

[Event "Open"]
[Site "Stockholm SWE"]
[Date "2010.08.19"]
[Round "6"]
[White "Heinola,V"]
[Black "Safholm,S"]
[Result "1-0"]
[WhiteElo "2234"]
[BlackElo "2073"]

1.d4 Nf6 2.c4 e6 3.Nf3 Bb4+ 4.Nbd2 c5 5.a3 Bxd2+ 6.Qxd2 Ne4 7.Qd3 f5 8.dxc5 Qf6
9.Be3 Nc6 10.Rb1 a5 11.b3 O-O 12.g3 g5 13.h3 h6 14.Bg2 Rd8 15.O-O d5 16.cxd6 Rxd6
17.Qc2 Qc3 18.Rfc1 Qxc2 19.Rxc2 e5 20.c5 Rd8 21.Nd2 Nxd2 22.Rxd2 Be6 23.Rdb2 f4
24.Bd2 Bd5 25.gxf4 gxf4 26.e4 fxe3 27.Bxe3 Kh7 28.Bxd5 Rxd5 29.b4 axb4 30.axb4 Nd4
31.Kf1 Ra3 32.Rd2 Kg6 33.Rbd1 Kf5 34.Bxd4 exd4 35.Rxd4 Rxd4 36.Rxd4 Rxh3
37.Rd7 b6 38.Rd5+ Ke4 39.cxb6 Rf3 40.Rb5 Rf8 41.b7 Rb8 42.Kg2 Kd4 43.Kg3  1-0

[Event "Pan-Armenian Olym"]
[Site "Yerevan ARM"]
[Date "2010.08.21"]
[Round "7"]
[White "Petrosian,TL"]
[Black "Ajrapetian,G"]
[Result "1-0"]
[WhiteElo "2597"]
[BlackElo "2427"]

1.d4 Nf6 2.Nf3 e6 3.c4 Bb4+ 4.Nbd2 b6 5.e3 Bb7 6.Bd3 O-O 7.O-O d5 8.a3 Be7
9.cxd5 exd5 10.b4 Nbd7 11.Qb3 Bd6 12.Bb2 Qe7 13.b5 a5 14.a4 Rfc8 15.Bf5 Re8
16.Rfc1 Ne4 17.Ba3 Ndf6 18.Bxd6 Qxd6 19.Qa3 Qxa3 20.Rxa3 Re7 21.Ra2 g6 22.Bh3 Ne8
23.Ne5 Rd8 24.Nxe4 dxe4 25.Nc6 Bxc6 26.Rxc6 Rd6 27.Rc1 f5 28.Rac2 Rf7 29.Rc4 Rdd7
30.g4 Nd6 31.gxf5 gxf5 32.Rc6 Rde7 33.Kf1 Kf8 34.Ke2 Ke8 35.Rg1 Rg7 36.Rg3 Ref7
37.Rc1 Kf8 38.Rcg1 Re7 39.Rg5 Ref7 40.R1g3 Rxg5 41.Rxg5 f4 42.Rh5 Kg7 43.Re5 Kf8
44.Bg4 fxe3 45.fxe3 Rg7 46.h3 Re7 47.Rh5 Rf7 48.Be6 Rf6 49.Re5 Rg6 50.Bg4 Rf6
51.Rh5 Kg7 52.Rg5+ Kf8 53.Re5 Kf7 54.Rg5 Kf8 55.Rd5 Kf7 56.Re5 Kf8 57.Be6 Rg6
58.Kf2 Rf6+ 59.Ke2 Rg6 60.Bd5 Rg2+ 61.Ke1 Rg3 62.Kf2 Rf3+ 63.Ke2 Rxh3 64.Bxe4 Rh2+
65.Kf3 Ra2 66.Rh5 Rxa4 67.Rxh7 Nxe4 68.Kxe4 Rc4 69.Kd5 Rc2 70.e4 a4 71.Rh3 Rb2
72.Kc6 Rb3 73.Rh2 Rc3+ 74.Kd7 a3 75.d5 Re3 76.Rf2+ Kg7 77.Kxc7 Rxe4 78.d6 Rc4+
79.Kxb6 Rd4 80.Kc5 Rd1 81.b6 Rc1+ 82.Kb5 Rb1+ 83.Ka6 Rb2 84.Rf3 a2 85.Ra3 Kf7
86.b7  1-0

[Event "TCh-SRB 1st League"]
[Site "Vrnjacka Banja SRB"]
[Date "2010.08.23"]
[Round "3"]
[White "Miljkovic,Mir1"]
[Black "Antic,De"]
[Result "1/2-1/2"]
[WhiteElo "2510"]
[BlackElo "2504"]

1.d4 e6 2.c4 Bb4+ 3.Nd2 Nf6 4.Nf3 O-O 5.a3 Be7 6.e4 d5 7.Bd3 c5 8.dxc5 dxe4
9.Nxe4 Nxe4 10.Bxe4 Qxd1+ 11.Kxd1 a5 12.Ke2 f5 13.Bc2 a4 14.Bf4 Nd7 15.Bd6 Kf7
16.Rad1 Nxc5 17.Ne5+ Kf6 18.Bxc5 Bxc5 19.Nd7+ Bxd7 20.Rxd7 Rfd8  1/2-1/2

[Event "TCh-SRB 1st League"]
[Site "Vrnjacka Banja SRB"]
[Date "2010.08.24"]
[Round "4"]
[White "Perunovic,Mio"]
[Black "Bogosavljevic,B"]
[Result "0-1"]
[WhiteElo "2449"]
[BlackElo "2551"]

1.d4 Nf6 2.c4 e6 3.Nf3 Bb4+ 4.Nbd2 O-O 5.g3 c5 6.dxc5 Bxc5 7.Bg2 d5 8.O-O Nc6
9.cxd5 exd5 10.Nb3 Bb6 11.Nbd4 Re8 12.b3 Bg4 13.Bb2 Rc8 14.Nxc6 bxc6 15.Ne5 Bh5
16.Qd3 Qc7 17.Qf5 d4 18.Nxc6 Bg4 19.Qg5 Bxe2 20.Nxd4 h6 21.Qh4 Bxf1 22.Rxf1 Qe5
23.Ba1 Ne4 24.Nf3 Bxf2+ 25.Kh1 Qf5 26.Ne5 Ng5 27.Ng4 Re1 28.Rxe1 Bxe1 29.Bxg7 Qb1
30.Nxh6+ Kxg7 31.Qxg5+ Kh7 32.Qf5+ Qxf5 33.Nxf5 Rc1 34.Bd5 Kg6 35.Be4 Bxg3+
36.Kg2 Be5 37.h4 Re1 38.Bd3 Rd1 39.Be4 Rd2+ 40.Kf3 Rxa2 41.Ne3+ Kh5 42.Bd5 Kg6
43.h5+ Kg7 44.Nf5+ Kf6 45.Nh6 Rd2 46.Bc4 Bc7 47.Nxf7 Rd4 48.Nh6 Rf4+ 49.Ke3 Kg7
50.Ng8 Rf8  0-1

[Event "TCh-SRB 1st League"]
[Site "Vrnjacka Banja SRB"]
[Date "2010.08.26"]
[Round "6"]
[White "Miljkovic,Mir1"]
[Black "Arsovic,Z"]
[Result "0-1"]
[WhiteElo "2510"]
[BlackElo "2446"]

1.d4 e6 2.c4 Nf6 3.Nf3 Bb4+ 4.Nbd2 O-O 5.a3 Be7 6.e4 d5 7.Bd3 c5 8.dxc5 a5
9.Qe2 h6 10.cxd5 exd5 11.Rb1 a4 12.O-O Nbd7 13.h3 dxe4 14.Nxe4 Nxc5 15.Nxf6+ Bxf6
16.Bh7+ Kh8 17.Be3 Nb3 18.Be4 Qe7 19.Bd5 Be6 20.Bxe6 Qxe6 21.Rfe1 Rac8 22.Qd3 Rfd8
23.Qb5 Qc6 24.Qb4 b5 25.Qg4 Qc4 26.Qg3 Re8 27.Qd6 Qc6 28.Qf4 Qe4 29.Qd6 Qf5
30.Qb6 Re4 31.Qb7 Re7 32.Qb6 Rd7 33.Nh2 Nd2 34.g4 Qe6 35.Qxe6 fxe6 36.Rbd1 Rc2
37.Kg2 Rd5 38.Re2 Ne4 39.Rxd5 Rxe2 40.Rxb5 Rxb2  0-1

[Event "TCh-SRB 1st League"]
[Site "Vrnjacka Banja SRB"]
[Date "2010.08.26"]
[Round "6"]
[White "Laketic,G"]
[Black "Benkovic,P"]
[Result "1/2-1/2"]
[WhiteElo "2442"]
[BlackElo "2437"]

1.d4 Nf6 2.Nf3 e6 3.c4 Bb4+ 4.Nbd2 a5 5.g3 d5 6.Qc2 dxc4 7.Qxc4 b6 8.Bg2 Bb7
9.a3 Bd5 10.Qc2 Be4 11.Qa4+ Bc6 12.Qd1 Bxd2+ 13.Bxd2 O-O 14.Rc1 Be4 15.O-O Nbd7
16.Qa4 c5 17.Bf4 Qe7 18.Rfd1 Rfc8 19.dxc5 Nxc5 20.Qd4 a4 21.Bg5 Bd5 22.Qb4 Rab8
23.Bf4 Rb7 24.Be3 h6 25.Bd4 Bb3 26.Rf1 Nd5 27.Qe1 Rbc7 28.Nd2 Nf6 29.Nxb3 Nxb3
30.Rxc7 Qxc7 31.Bc3 Rd8 32.e3 Nd5 33.Bxd5 Rxd5 34.Qe2 e5 35.f4 exf4 36.gxf4 Qd7
37.Qg2 g6 38.h3 Nd2 39.Rf2 Nc4 40.Qe4 b5 41.Bd4 Qe6 42.Qf3 f6 43.Qg4 Kf7
44.Qxe6+ Kxe6 45.Kg2 Rd8 46.Kf3 Rc8 47.Rg2 Kf7 48.Ke4 Re8+ 49.Kd3 g5 50.Rf2 Re6
51.fxg5 hxg5 52.h4 gxh4 53.Rf4 Rd6 54.Ke2 Rc6 55.Kd3 Rd6 56.Ke2 h3 57.Rh4 Rc6
58.Kd3 Rd6 59.Ke2 Rc6 60.Kd3 Rd6 61.Ke2 Ke6 62.Rxh3 Kd5 63.Rh6 Ne5 64.Bxe5 Kxe5
65.Rh4 f5 66.Rb4 Rd5 67.b3 axb3 68.Rxb3 f4 69.exf4+ Kxf4 70.Rb4+ Ke5 71.a4 bxa4
72.Rxa4  1/2-1/2

[Event "9th Georgiev-Kesarovski Mem"]
[Site "Sunny Beach BUL"]
[Date "2010.08.30"]
[Round "3"]
[White "Kolev,At2"]
[Black "Vasilev,VasilA"]
[Result "0-1"]
[WhiteElo "2048"]
[BlackElo "2368"]

1.d4 Nf6 2.c4 e6 3.Nf3 Bb4+ 4.Nbd2 d5 5.a3 Be7 6.e3 O-O 7.b3 b6 8.Bb2 Nbd7
9.cxd5 exd5 10.Bd3 c5 11.O-O Bb7 12.Rc1 Ne4 13.Ne5 Nxe5 14.dxe5 Qd7 15.Qc2 f5
16.exf6 Bxf6 17.Bxe4 dxe4 18.Bxf6 Rxf6 19.Nxe4 Re6 20.Ng5 Rg6 21.f4 Ba6 22.Rfd1 Qe8
23.e4 h6 24.Nf3 Rf6 25.f5 Bb7 26.Re1 Rd8 27.Rcd1 Rxd1 28.Qxd1 Qe7 29.Qd3 Rd6
30.Qc4+ Kh7 31.Qc3 Qd8 32.Ne5 Rd1 33.Rxd1 Qxd1+ 34.Kf2 Bxe4 35.g4 Bd5 36.b4 Qh1
37.h3 Qg2+ 38.Ke1 Qe4+ 39.Kf2 cxb4 40.axb4 a5 41.bxa5 bxa5 42.Ng6 Qg2+ 43.Ke1 Bf3
44.Qe5 a4 45.Nf8+ Kg8 46.Ne6 Qg1+ 47.Kd2 Qd1+ 48.Ke3 Qe2+ 49.Kf4 Qh2+  0-1

[Event "9th Georgiev-Kesarovski Mem"]
[Site "Sunny Beach BUL"]
[Date "2010.09.01"]
[Round "5"]
[White "Dobrev,Nan"]
[Black "Ristic,M"]
[Result "1-0"]
[WhiteElo "2394"]
[BlackElo "2189"]

1.d4 Nf6 2.Nf3 e6 3.c4 Bb4+ 4.Nbd2 b6 5.a3 Be7 6.e4 d6 7.Qc2 Bb7 8.Bd3 Nfd7
9.O-O e5 10.b4 c5 11.d5 cxb4 12.axb4 O-O 13.Nb3 a5 14.bxa5 bxa5 15.Be3 Qc7
16.Rfb1 a4 17.Nbd2 Na6 18.Rxa4 Nac5 19.Rab4 Rfb8 20.Be2 Ba6 21.Ne1 Rxb4 22.Rxb4 Rb8
23.Qb2 Rxb4 24.Qxb4 Qb6 25.Qa3 Bd8 26.Bg4 Qa5 27.Qc1 Bc7 28.Bxd7 Nxd7 29.Nd3 Bb6
30.Bxb6 Qxb6 31.Qc3 Nc5 32.Qb4 Qxb4 33.Nxb4 Bc8 34.Kf1 f5 35.exf5 Bxf5 36.Ke2 Kf7
37.Ke3 h6 38.Na2 Bc2 39.Nc3 Ke7 40.Nde4 Nb7 41.Kd2 Bb3 42.Kd3 Kd7 43.Ne2 Kc7
44.Kc3 Bd1 45.N2g3 Bg4 46.Kb4 Kb6 47.Nxd6 Nxd6 48.c5+ Kc7 49.cxd6+ Kxd6 50.Kc4 Bc8
51.Ne4+ Ke7 52.Kc5 Bb7 53.Nd6 Ba6 54.Nf5+ Kf6 55.Ne3 Ke7 56.Kc6 Bc8 57.Kc7  1-0

[Event "ch-POR"]
[Site "Amadora POR"]
[Date "2010.09.04"]
[Round "1"]
[White "Santos,AntonioP"]
[Black "Andrade,Jo"]
[Result "1/2-1/2"]
[WhiteElo "2326"]
[BlackElo "2251"]

1.d4 Nf6 2.c4 e6 3.Nf3 Bb4+ 4.Nbd2 d5 5.e3 O-O 6.a3 Be7 7.Bd3 b6 8.O-O Bb7
9.Qc2 Nbd7 10.b4 dxc4 11.Nxc4 c5 12.dxc5 bxc5 13.b5 a6 14.bxa6 Rxa6 15.e4 h6
16.Rb1 Qa8 17.Re1 Ra7 18.Bb2 Rd8 19.Nfd2 Bc6 20.f3 Ne8 21.Qc3 Rb8 22.Ba1 Rxb1
23.Rxb1 Qd8 24.Qc2 Bg5 25.Bc3 Bf4 26.g3 Qg5 27.Kf2 Bc7 28.Qb2 h5 29.Ra1 Ra8
30.Qc2 Ba4 31.Qc1 h4 32.Nf1 hxg3+ 33.hxg3 Qh5 34.Kg2 Bc6 35.Qe3 Bd8 36.Nfd2 Bg5
37.Qe2 Bh6 38.Na5 Ba4 39.Rh1 Qg5 40.f4 Qd8 41.Rxh6 gxh6 42.Qg4+ Kf8 43.Qh5 Rxa5
44.Qxh6+ Ke7 45.Nc4 Ndf6 46.e5 Bc6+ 47.Kh3 Qxd3 48.exf6+ Kd8 49.Bxa5+ Kc8
50.Ne5 Qf1+ 51.Kg4 Kb7 52.Kg5 Qf2 53.Qf8 Qxg3+ 54.Ng4 Nxf6 55.Qxf7+ Nd7 56.Qxe6 Qxa3
57.Bd8 Qd3 58.Bf6 Qd5+ 59.Qxd5  1/2-1/2

[Event "TCh-ROU Superliga"]
[Site "Baile Herculane ROU"]
[Date "2010.09.04"]
[Round "1"]
[White "Ionescu,Co"]
[Black "Iordachescu,V"]
[Result "1/2-1/2"]
[WhiteElo "2423"]
[BlackElo "2632"]

1.d4 Nf6 2.c4 e6 3.Nf3 Bb4+ 4.Nbd2 O-O 5.g3 d5 6.Qc2 b6 7.Bg2 Bb7 8.O-O c5
9.a3 Bxd2 10.Bxd2 Nbd7 11.cxd5 Bxd5 12.dxc5 Nxc5 13.b4 Nb3 14.Rad1 Rc8 15.Qb2 Nxd2
16.Rxd2 Qc7 17.Ne5 b5 18.Bxd5 Nxd5 19.Nd3 Nb6 20.Qa2 Qc4 21.Nc5 Qxa2 22.Rxa2 Rfd8
23.Rc1  1/2-1/2